Normal view
MARC view
- Supervisor Dr. Muaz Ahmed Khan Niazi
Entry Personal Name
001 - CONTROL NUMBER
- control field: 112572
003 - CONTROL NUMBER IDENTIFIER
- control field: NUST
005 - DATE AND TIME OF LATEST TRANSACTION
- control field: 20230525102648.0
008 - FIXED-LENGTH DATA ELEMENTS
- fixed length control field: 230525|| aca||aabn | a|a d
040 ## - CATALOGING SOURCE
- Original cataloging agency: NUST
- Transcribing agency: NUST
100 ## - HEADING--PERSONAL NAME
- Personal name: Supervisor Dr. Muaz Ahmed Khan Niazi
670 ## - SOURCE DATA FOUND
- Source citation: Work cat.: (NUST): Kamal, Muhammad Haider 112571, Replication of Multi-Agent Reinforcement Learning for “Hide & Seek” Problem
